000 01148nam a2200349 i 4500
003 EG-GICUC
005 20260429110917.0
008 260429s1935 fr a|||f |||| 000 0 fre d
040 _aEG-GiCUC
_bfre
_cEG-GiCUC
_dEG-GiCUC
_eRda
041 0 _afre
082 0 4 _221
_a343.83
_bBA . P
092 0 4 _221
099 _aLaw1 10 343.83 BA . P 5 ed - 1935 1011131 C1
100 1 _aBalthazard, V.
_eAuteur
245 1 0 _aPrécis De Médecine Légale /
_cPar V. Balthazard ; Sous La Direction De P. Carnot, F. Rathery.
250 _aCinquieme Edition,
_bEntièrement Revisée
264 1 _aparis :
_bLibrairie J.-b. Bailliere Et Fils,
_c1935.
300 _a624 page :
_billustration ;
_c 24 cm.
336 _2rda contenu
_a texte
337 _2rda medias
_aOrdinateur
338 _2 transporteur rda
_a Ressource en ligne
504 _aB
546 _aTexte en français
650 1 4 _aDroit pénal
650 1 4 _aMédecine Légale
651 1 _2qrmak
700 1 _aCarnot, P.
_bsuperviseur
700 1 _aRathery, F.
_bsuperviseur
856 4 0 _uhttps://fll.law.cu.edu.eg/fulltext/bks/B10-11131.pdf
905 _a164
942 _2ddc
_n0
_cBK
_e21
999 _c74109
_d74109